[Event "SVK-ch U16/20 Girls"]
[Site "Liptovsky Mikulas"]
[Date "2016.04.21"]
[Round "7"]
[White "Tomcikova, Zuzana"]
[Black "Mincicova, Katarina"]
[Result "1-0"]
[WhiteElo "1574"]
[BlackElo "1543"]
[PlyCount "105"]
[EventDate "2016.04.16"]
[EventType "swiss"]
[EventRounds "9"]
[EventCountry "SVK"]
[SourceTitle "CBM 172 Extra"]
[Source "ChessBase"]
[SourceDate "2016.06.21"]
[SourceVersion "1"]
[SourceVersionDate "2016.06.21"]
[SourceQuality "1"]

1. e4 e6 2. d4 d5 3. Nd2 Nc6 4. c3 Nf6 5. e5 Nd7 6. Bd3 f6 7. Qh5+ Ke7 8. Ndf3 Qe8 9. Qh4 Kd8 10. Ne2 Be7 11. Nf4 Ndxe5 12. dxe5 fxe5 13. Qh5 exf4 14. Qxe8+ Kxe8 15. Bxf4 Bd6 16. Bg5 Ne5 17. Nxe5 Bxe5 18. 0-0-0 Kf7 19. Rhe1 Bf6 20. Bf4 c5 21. Be2 Bd7 22. Bf3 b5 23. Bd6 Rac8 24. Be2 Rc6 25. Bg3 Rb6 26. f4 a6 27. Bf2 Rc6 28. g4 g6 29. f5 exf5 30. gxf5 Bxf5 31. Rxd5 Be6 32. Bf3 Kg7 33. Rxc5 Rxc5 34. Bxc5 Bxa2 35. Kc2 Rd8 36. b3 Rc8 37. Bb4 Bxc3 38. Bxc3+ Kh6 39. Kb2 Rf8 40. Bd2+ Kg7 41. Re7+ Rf7 42. Rxf7+ Kxf7 43. Kxa2 Kf6 44. Bb7 Kf5 45. Bxa6 h5 46. Bxb5 Kg4 47. Be8 g5 48. b4 Kh4 49. b5 g4 50. Be1+ Kg5 51. b6 h4 52. b7 Kf4 53. b8Q+ 1-0